| 000 | 00486nam a22001697a 4500 | ||
|---|---|---|---|
| 003 | BD-ChCU | ||
| 005 | 20260420130202.0 | ||
| 008 | 260420b bg ||||| |||| 00| 0 ben d | ||
| 040 | _cBD-ChCU | ||
| 082 | _a658.85 THS | ||
| 100 |
_aThompson, Willard M. _921646 |
||
| 245 |
_aSalesmanship ; _bconcepts, management and strategy.// _cM. Thompson, Willard. |
||
| 260 |
_aNew York. _bWiley _c1963 |
||
| 300 | _ax, 530p | ||
| 650 | 0 |
_aSalesman and Salesmanship. _921647 |
|
| 942 |
_2ddc _cBK _n0 |
||
| 999 |
_c112287 _d112287 |
||